Score 0/16 Timer 02:00
2 Plays Today
Movie Title Missing Word % Correct
The _____ and IKing
94.6%
The African ______Queen
93.3%
The Dark _______ RisesKnight
93%
Harold & Kumar Go to White _______Castle
84.5%
______ Green Tomatoes♝ Fried ♝
79.7%
The ________'s Wife♝ Bishop ♝
71.4%
The ______ Job♟ Italian
70%
Star Wars ep. II: ______ of the Clones♝ Attack ♝
69.1%
Movie Title Missing Word % Correct
_______ and CommanderMaster ♚
61.4%
Spy Kids 3-D: _____ OverGame ♟
57.3%
Blank ______♚♕ Check
50.4%
Tarzan and His _____Mate ♕♚
42%
Wait Until ______♝ Dark ♝
37.9%
______ Hotel ♚ Grand
27.5%
______ and Onions♝ Liver ♝
26.7%
Washington ______♝ Square ♝
16.7%

Today's Daily Dose

Remove Ads.
Support Sporcle.
Get the best of Sporcle when you Go Orange. This ad-free experience offers more features, more stats, and more fun while also helping to support Sporcle. Thank you for becoming a member.

You're not logged in!

Compare scores with friends on all Sporcle quizzes.
OR
Log In

Show Comments

Extras

Top Quizzes Today


Score Distribution

Your Account Isn't Verified!

In order to create a playlist on Sporcle, you need to verify the email address you used during registration. Go to your Sporcle Settings to finish the process.

Report this User

Report this user for behavior that violates our Community Guidelines.

Details: